00561 2200217 4500001002100000005001500021035002000036007000300056008004100059020002200100082001100122084001700133100001300150245004500163250001000208260004200218300002700260650003400287990001100321990001100332INLIS00000000000119320180109104347 a0010-0118000011ta180109 g 0 ind  a978-979-1283-06-9 a303.38 a303.38 ERI t0 aEriyanto1 aTeknik Sampling :bAnalisis Opini Publik aCet.1 aYogyakarta :bPT.LKiS Printing,c2007 a350hlm ;c14,5 x 21 cm aTeknik Sampling, Opini Publik a5594 a a5594 b